Statistics for Do You Really Know the TV Show Friends? Part 9

Click here to take the quiz!

General Stats

  • This quiz has been taken 256 times
  • The average score is 11 of 15

Answer Stats

QuestionAnswer% Correct
How many pages was the letter Rachel wrote to Ross after he broke up with Bonnie?18 pages, front and back
97%
What is the name of Ross's ex wife's lesbian partner?Susan
93%
What does Phoebe find in her soda?Thumb
92%
They name their son, Jack, after who?Monica's father
91%
Monica and Chandler name their daughter after their surrogate, whose name is what?Erica
88%
Joey has worked with every friend except which one?Phoebe
83%
Who doesn't have a driver's license?Rachel
82%
What color is the frame on the back of Monica's door?Yellow
82%
Who is forced to leave their job on account of their rage?Ross
80%
Joey is on a television show about solving crime with a robot named what?Cheese
77%
Joey auditions for a commercial against Ben for what kind of product?Soup
74%
What is Phoebe's real mother's name?Phoebe
57%
While helping Chandler pick out an engagement ring, Phoebe gets imprisoned accidentally trying to steal jewelry and what other item?Musket
37%
When Phoebe is writing her book about Monica and Chandler, what did she name her two characters?Marsha and Chester
19%
What names appear at the end of every episode who also happen to be the creators of the show?Bright, Kauffman, Crane
8%

Score Distribution

Percentile by Number Answered

Percent of People with Each Score

Your Score History

You have not taken this quiz